Administración financiera /
Guardado en:
| Autor Principal: | |
|---|---|
| Otros Autores: | |
| Formato: | Libro |
| Idioma: | Spanish English |
| Publicado: |
México ; Buenos Aires :
McGraw-Hill,
c1983.
|
| Materias: | |
| Etiquetas: |
Agregar Etiqueta
Sin Etiquetas, Sea el primero en etiquetar este registro!
|
| LEADER | 00824nam a22002055 4500 | ||
|---|---|---|---|
| 001 | EAD.ead003604 | ||
| 008 | 080718s1983####ag#######b####001#0#spa#d | ||
| 005 | 20140624132455.0 | ||
| 245 | 1 | 0 | |a Administración financiera / |c Lawrence D. Schall, Charles W. Haley ; traducción, Carlos Hugo Giraldo ; revisión Gustavo Adolfo Acuña ... [et al.]. |
| 260 | |a México ; |a Buenos Aires : |b McGraw-Hill, |c c1983. | ||
| 300 | |a xiii, 866 p. ; |c 24 cm. | ||
| 500 | |a Traducción de: Introduction to financial management. | ||
| 504 | |a Incluye referencias bibliográficas, glosario e índice. | ||
| 020 | |a 9684514239 | ||
| 100 | 1 | |a Schall, Lawrence D. | |
| 700 | 1 | |a Haley, Charles W. | |
| 082 | 0 | 4 | |a 658.15 |2 21 |
| 650 | 7 | |a Administración financiera |2 unbist | |
| 041 | 1 | |a spa |h eng | |
| 859 | |a AR-BaBDC |b BIB. ADMINISTRACION - Libros |h 658.15 |i Sch15 |p b01918 | ||
